| 000 | 00696cam a22002651 4500 | ||
|---|---|---|---|
| 001 | 8363136 | ||
| 005 | 20150505153945.0 | ||
| 008 | 720428s1950 xx 000 0 eng | ||
| 010 | _a 50009757 | ||
| 015 | _aGB50-9426 | ||
| 035 | _a(OCoLC)296333 | ||
| 040 |
_aDLC _cOClU _dUk _dDLC |
||
| 042 | _apremarc | ||
| 050 | 0 | 0 |
_aTJ260 _b.K47 |
| 100 | 1 |
_aKern, Donald Quentin, _d1914- |
|
| 245 | 1 | 0 | _aProcess heat transfer / |
| 250 | _a1st ed. | ||
| 260 |
_aNew York, _bMcGraw-Hill, _cc1950. |
||
| 300 |
_axii,871p. _billus. _c24cm. |
||
| 500 | _aIncludes index | ||
| 650 | 0 |
_aHeat _xTransmission |
|
| 650 | 0 | _aHeating | |
| 906 |
_a7 _bcbc _coclcrpl _du _encip _f19 _gy-gencatlg |
||
| 942 |
_2lcc _cLL |
||
| 999 |
_c6579 _d6579 |
||